000 00562nam a22001932 4500
001 0000001205
005 20151217155808.0
008 070227s xx 000 0 eng d
040 _aKABU
_cKABU
050 0 _aDT443.3
_b.C43S73
100 1 _aStahl, Kathleen M.
_@0000149798
245 1 0 _aHistory of the Chagga people of Kilimanjaro.
260 _aLondon :
_bMoulton,
_c1964.
300 _a394 p.
600 1 0 _aChagga (African people)
_zTanzania.
_@0000149799
908 _a070227
950 _@1
999 _c12517
_d12517